| 000 | 00650nam a2200193 4500 | ||
|---|---|---|---|
| 001 | 122078 | ||
| 003 | ES-MaACL | ||
| 005 | 20231212062538.0 | ||
| 007 | t| | ||
| 008 | 070214s1970 sp r ||||1| spa d | ||
| 100 | 1 |
_aPotocki, Jan _chrabia. _993382 |
|
| 245 | 1 | 3 |
_aEl manuscrito hallado en Zaragoza / _cJan Potocki ; prólogo de Julio Caro Baroja ; traducción y nota biográfica de José Luis Cano. |
| 260 |
_aMadrid : _bAlianza, _c1970. |
||
| 300 |
_a292 p. ; _c18 cm. |
||
| 700 | 1 |
_aCaro Baroja, Julio, _d1914-1995 _935403 |
|
| 700 | 1 |
_aCano, José Luis, _d1912-1999 _934532 |
|
| 852 |
_aES-MaACL _jC-40658 _bR.73197 |
||
| 999 |
_c122078 _d122078 |
||